Fiscal implications of population ageing
Skúmanie dlhodobých fiškálnych dôsledkov veku populácie v ČR. Demografický vývoj do roku 2030. Vplyv veku populácie na trh práce, dôchodkový systém, zdravotnú starostlivosť, vzdelávanie, dávky pre rodiny s deťmi. Dopad veku populácie na verejné výdavky, príjmy, bilanciu a dlh.
Na minha lista:
| Autor principal: | |
|---|---|
| Outros Autores: | , |
| Formato: | Capítulo de Livro |
| Idioma: | inglês |
| Assuntos: | |
| Tags: |
Sem tags, seja o primeiro a adicionar uma tag!
|
MARC
| LEADER | 00000naa$a2200000$$$4500 | ||
|---|---|---|---|
| 001 | 0004691 | ||
| 005 | 20231004102608.6 | ||
| 041 | 0 | |a eng | |
| 044 | |a CZ | ||
| 245 | 1 | 0 | |a Fiscal implications of population ageing |c aut. Vladimír Bezděk, Kamil Dybczak, Aleš Krejdl |
| 520 | |a Skúmanie dlhodobých fiškálnych dôsledkov veku populácie v ČR. Demografický vývoj do roku 2030. Vplyv veku populácie na trh práce, dôchodkový systém, zdravotnú starostlivosť, vzdelávanie, dávky pre rodiny s deťmi. Dopad veku populácie na verejné výdavky, príjmy, bilanciu a dlh. | ||
| 610 | 2 | 0 | |a politika fiškálna |
| 610 | 2 | 0 | |a populácia |
| 610 | 2 | 0 | |a demografia |
| 610 | 2 | 0 | |a trh práce |
| 610 | 2 | 0 | |a systémy dôchodkové |
| 610 | 2 | 0 | |a starostlivosť zdravotná |
| 610 | 2 | 0 | |a vzdelávanie |
| 610 | 2 | 0 | |a rodina |
| 100 | 1 | |a Bezděk, Vladimír | |
| 700 | 1 | |a Dybczak, Kamil | |
| 700 | 1 | |a Krejdl, Aleš | |